LEADER 03373nam 2200697Ia 450 001 9910457643403321 005 20200520144314.0 010 $a0-8166-8765-X 035 $a(CKB)1000000000347050 035 $a(EBL)315340 035 $a(OCoLC)476106359 035 $a(SSID)ssj0000278359 035 $a(PQKBManifestationID)11229587 035 $a(PQKBTitleCode)TC0000278359 035 $a(PQKBWorkID)10243096 035 $a(PQKB)11224077 035 $a(SSID)ssj0000132754 035 $a(PQKBManifestationID)11146281 035 $a(PQKBTitleCode)TC0000132754 035 $a(PQKBWorkID)10039638 035 $a(PQKB)11735899 035 $a(MiAaPQ)EBC315340 035 $a(OCoLC)191939395 035 $a(MdBmJHUP)muse38955 035 $a(PPN)221699090 035 $a(Au-PeEL)EBL315340 035 $a(CaPaEBR)ebr10159565 035 $a(EXLCZ)991000000000347050 100 $a19960712d1997 ub 0 101 0 $aeng 135 $aur|n|---||||| 181 $ctxt 182 $cc 183 $acr 200 00$aCritical security studies$b[electronic resource] $econcepts and cases /$fKeith Krause and Michael C. Williams, editors 210 $aMinneapolis $cUniversity of Minnesota Press$dc1997 215 $a1 online resource (404 p.) 225 1 $aBorderlines ;$vv. 8 300 $aDescription based upon print version of record. 311 $a0-8166-2857-2 311 $a0-8166-2856-4 320 $aIncludes bibliographical references and index. 327 $aContents; Preface: Toward Critical Security Studies; Acknowledgments; PART I: Conceptual Debates and Approaches; 1. Contesting an Essential Concept: Reading the Dilemmas in Contemporary Security Discourse; 2. From Strategy to Security: Foundations of Critical Security Studies; 3. The Subject of Security; 4. Security and Self: Reflections of a Fallen Realist; 5. Defining Security: A Subaltern Realist Perspective; PART II: The Discourses of Security; 6. Discourses of War: Security and the Case of Yugoslavia; 7. Reimagining Security: The Metaphors of Proliferation; 8. Changing Worlds of Security 327 $aPART III: World Order and Regional Imperatives9. Between a New World Order and None: Explaining the Reemergence of the United Nations in World Politics; 10. The Periphery as the Core: The Third World and Security Studies; 11. Critical Security Studies and Regional Insecurity: The Case of Southern Africa; 12. Conclusion: Every Month Is ""Security Awareness Month""; Contributors; Index; A; B; C; D; E; F; G; H; I; J; K; L; M; N; O; P; R; S; T; U; V; W; Y; Z 330 $aBrings together a diverse new group of analysts seeking to explore issues of international relations and contribute to the development of a self-consciously critical perspective within security studies. 410 0$aBorderlines (Minneapolis, Minn.) ;$vv. 8. 606 $aInternational relations 606 $aSecurity, International 608 $aElectronic books. 615 0$aInternational relations. 615 0$aSecurity, International. 676 $a327.1/7 701 $aKrause$b Keith$0922826 701 $aWilliams$b Michael C$g(Michael Charles),$f1960-$0912760 801 0$bMiAaPQ 801 1$bMiAaPQ 801 2$bMiAaPQ 906 $aBOOK 912 $a9910457643403321 996 $aCritical security studies$92070787 997 $aUNINA